[Event "CRO-chT1A"]
[Site "Bol"]
[Date "2014.10.08"]
[Round "5.5"]
[White "Kovacevic, Vlatko"]
[Black "Sertic, Rudolf"]
[Result "1/2-1/2"]
[WhiteElo "2467"]
[BlackElo "2345"]
[PlyCount "135"]
[EventDate "2014.10.04"]
[EventType "team-tourn"]
[EventRounds "9"]
[EventCountry "CRO"]
[SourceTitle "CBM 162 Extra"]
[Source "ChessBase"]
[SourceDate "2014.10.17"]
[SourceVersion "1"]
[SourceVersionDate "2014.10.17"]
[SourceQuality "1"]
[WhiteTeam "Solin Cemex"]
[BlackTeam "Djakovo"]
[WhiteTeamCountry "CRO"]
[BlackTeamCountry "CRO"]

1. d4 d5 2. Nf3 c5 3. e3 Nc6 4. Nbd2 cxd4 5. exd4 Nf6 6. Bb5 Qb6 7. c4 Bd7 8. 0-0 e6 9. Re1 Be7 10. b3 0-0 11. Bb2 Bb4 12. Bxc6 Bxc6 13. c5 Qa5 14. a3 Bxd2 15. Nxd2 Ne4 16. Nb1 Qc7 17. f3 Nf6 18. Nc3 a6 19. Qd2 b6 20. b4 bxc5 21. bxc5 Rfb8 22. Ne2 Bb5 23. Ng3 Bc4 24. Bc3 Rb5 25. Rab1 Bb3 26. Rb2 Rab8 27. Reb1 h6 28. Nf1 Ba4 29. Rb4 Rxb4 30. Rxb4 Rxb4 31. Bxb4 Nd7 32. Ba5 Qb8 33. Qb4 Qxb4 34. Bxb4 Nb8 35. Kf2 Nc6 36. Ke3 f6 37. f4 Bc2 38. Bc3 Kf7 39. h4 h5 40. Ng3 g6 41. Nf1 Be4 42. g3 Ke8 43. Nd2 Bc2 44. Nf3 Kd7 45. Be1 Na7 46. Ba5 Nc6 47. Be1 Kc7 48. Ng1 Bd1 49. Nh3 Ne7 50. Kd2 Ba4 51. Ng1 Nf5 52. Bf2 Bb5 53. Kc3 a5 54. Nf3 Kc6 55. Nd2 Be2 56. a4 Bd1 57. Nb3 Bxb3 58. Kxb3 Kb7 59. Kc3 Ne7 60. Kd3 Kc7 61. Be1 Nc6 62. Bc3 Kd7 63. Ke3 Ke7 64. Kd3 Kf7 65. Ke3 Kf8 66. Kd3 Ke7 67. Ke3 Kf7 68. Kd3 1/2-1/2

[Event "CRO-chT Cup 22nd"]
[Site "Bol"]
[Date "2013.05.26"]
[Round "6.14"]
[White "Kovacevic, Vlatko"]
[Black "Kovacevic, Blazimir"]
[Result "1/2-1/2"]
[WhiteElo "2480"]
[BlackElo "2427"]
[PlyCount "60"]
[EventDate "2013.05.22"]
[EventType "team"]
[EventRounds "6"]
[EventCountry "CRO"]
[SourceTitle "CBM 154 Extra"]
[Source "ChessBase"]
[SourceDate "2013.06.25"]
[SourceVersion "2"]
[SourceVersionDate "2013.06.25"]
[SourceQuality "1"]
[WhiteTeam "Mravince"]
[BlackTeam "Zagreb Mladost"]
[WhiteTeamCountry "CRO"]
[BlackTeamCountry "CRO"]

1. d4 Nf6 2. c3 d5 3. Bg5 Nbd7 4. Nd2 e5 5. e3 Bd6 6. Bd3 0-0 7. Qb1 h6 8. Bh4 Re8 9. Ne2 c6 10. Bg3 Nh5 11. Bh7+ Kh8 12. Bf5 Nxg3 13. Nxg3 e4 14. 0-0 g6 15. Bxd7 Bxd7 16. c4 Kg7 17. Qc2 Be6 18. cxd5 cxd5 19. Qb3 Qd7 20. Rac1 a5 21. a3 a4 22. Qa2 b5 23. Rc2 b4 24. axb4 Reb8 25. Nb1 Rxb4 26. Nc3 Qb7 27. Nge2 Rb3 28. Rb1 h5 29. Nc1 Rb4 30. Ra1 Rc4 1/2-1/2

[Event "CRO-chT Cup 22nd"]
[Site "Bol"]
[Date "2013.05.23"]
[Round "2.44"]
[White "Susak, Zeljko"]
[Black "Kovacevic, Vlatko"]
[Result "1/2-1/2"]
[WhiteElo "2203"]
[BlackElo "2480"]
[PlyCount "106"]
[EventDate "2013.05.22"]
[EventType "team"]
[EventRounds "6"]
[EventCountry "CRO"]
[SourceTitle "CBM 154 Extra"]
[Source "ChessBase"]
[SourceDate "2013.06.25"]
[SourceVersion "2"]
[SourceVersionDate "2013.06.25"]
[SourceQuality "1"]
[WhiteTeam "Split Brda"]
[BlackTeam "Mravince"]
[WhiteTeamCountry "CRO"]
[BlackTeamCountry "CRO"]

1. e4 e6 2. d4 d5 3. exd5 exd5 4. Nf3 Nc6 5. Bd3 Bd6 6. 0-0 Nge7 7. c3 Bg4 8. Nbd2 Qd7 9. Re1 0-0 10. Nf1 Bf5 11. Ng3 Bxd3 12. Qxd3 f6 13. Nh4 Rfe8 14. Bd2 Qg4 15. Ngf5 Nxf5 16. Nxf5 Bf8 17. h3 Qg6 18. Qf3 Rad8 19. Rxe8 Qxe8 20. Re1 Qd7 21. h4 Ne7 22. Ng3 c6 23. h5 Nc8 24. h6 Nd6 25. hxg7 Bxg7 26. Bf4 Re8 27. Re3 Rxe3 28. fxe3 Ne8 29. e4 dxe4 30. Qxe4 Bf8 31. Nh5 Be7 32. Ng3 Ng7 33. Bh6 Qe6 34. Qf3 Qe1+ 35. Kh2 Bd6 36. Bf4 Qe6 37. Ne4 Be7 38. b3 Qf5 39. g4 Qe6 40. Ng3 Kf7 41. c4 Bd6 42. Ne4 Bxf4+ 43. Qxf4 Kg6 44. d5 cxd5 45. cxd5 Qe5 46. Qxe5 fxe5 47. Kg3 h5 48. Nd6 hxg4 49. Kxg4 Nh5 50. Nxb7 Nf6+ 51. Kf3 Nxd5 52. Ke4 Nc3+ 53. Kxe5 Nxa2 1/2-1/2

[Event "CRO-chT1A 21st"]
[Site "Sibenik"]
[Date "2012.09.28"]
[Round "6.26"]
[White "Kovacevic, Vlatko"]
[Black "Krnic, Ivan"]
[Result "1-0"]
[WhiteElo "2489"]
[BlackElo "2167"]
[PlyCount "95"]
[EventDate "2012.09.23"]
[EventType "team-tourn"]
[EventRounds "9"]
[EventCountry "CRO"]
[SourceTitle "CBM 150 Extra"]
[Source "ChessBase"]
[SourceDate "2012.10.19"]
[SourceVersion "1"]
[SourceVersionDate "2012.10.19"]
[SourceQuality "1"]
[WhiteTeam "Mravince"]
[BlackTeam "Split Brda"]
[WhiteTeamCountry "CRO"]
[BlackTeamCountry "CRO"]

1. d4 g6 2. Nf3 Bg7 3. c4 d6 4. Nc3 Nd7 5. Qc2 Ngf6 6. Bg5 c6 7. e3 0-0 8. Be2 Qc7 9. 0-0 Re8 10. Rfd1 e5 11. b4 h6 12. Bh4 g5 13. dxe5 dxe5 14. Bg3 Nh5 15. Nd2 Nxg3 16. hxg3 Nf8 17. g4 Be6 18. Nce4 Rad8 19. c5 Ng6 20. Nd6 Rf8 21. Bc4 Bd5 22. Rac1 Ne7 23. Nf5 Rfe8 24. Nxe7+ Qxe7 25. e4 Be6 26. Bxe6 Qxe6 27. f3 Rd4 28. Nb3 h5 29. gxh5 g4 30. Qf2 gxf3 31. Qxf3 Kh8 32. Nxd4 exd4 33. Rf1 Bh6 34. Rce1 Be3+ 35. Rxe3 dxe3 36. Qxe3 Qxe4 37. Qxe4 Rxe4 38. Rxf7 Rxb4 39. Kf2 a5 40. Kf3 Rb5 41. g4 Kg8 42. Rc7 a4 43. a3 Rxc5 44. Rxb7 Rc3+ 45. Kf4 Rxa3 46. Ra7 c5 47. g5 Rh3 48. h6 1-0

[Event "CRO-chT1A 21st"]
[Site "Sibenik"]
[Date "2012.09.25"]
[Round "3.56"]
[White "Kovacevic, Vlatko"]
[Black "Plenca, Julian"]
[Result "0-1"]
[WhiteElo "2489"]
[BlackElo "2336"]
[PlyCount "76"]
[EventDate "2012.09.23"]
[EventType "team-tourn"]
[EventRounds "9"]
[EventCountry "CRO"]
[SourceTitle "CBM 150 Extra"]
[Source "ChessBase"]
[SourceDate "2012.10.19"]
[SourceVersion "1"]
[SourceVersionDate "2012.10.19"]
[SourceQuality "1"]
[WhiteTeam "Mravince"]
[BlackTeam "Rijeka"]
[WhiteTeamCountry "CRO"]
[BlackTeamCountry "CRO"]

1. d4 Nf6 2. Nf3 g6 3. c4 Bg7 4. Nc3 d5 5. cxd5 Nxd5 6. Bd2 Nb6 7. Bf4 0-0 8. Rc1 Nc6 9. e3 a5 10. Be2 Be6 11. 0-0 h6 12. Bg3 a4 13. a3 Bb3 14. Qe1 Nc4 15. Ne4 Nd6 16. Nfd2 Ba2 17. Nc3 Be6 18. Qd1 Bd7 19. Bxd6 cxd6 20. Bb5 f5 21. Bxa4 f4 22. Bc2 e5 23. d5 Ne7 24. e4 g5 25. Ba4 Rxa4 26. Nxa4 g4 27. Qb3 b5 28. Nc3 Qe8 29. Ne2 f3 30. gxf3 gxf3 31. Ng3 Ng6 32. Kh1 Nh4 33. Rc3 Bh3 34. Rfc1 Qd7 35. Rc7 Qg4 36. Qxb5 Ng6 37. Qd3 Bg2+ 38. Kg1 Nf4 0-1

[Event "CRO-chT1A 21st"]
[Site "Sibenik"]
[Date "2012.09.24"]
[Round "2.26"]
[White "Sulava, Nenad"]
[Black "Kovacevic, Vlatko"]
[Result "1/2-1/2"]
[WhiteElo "2496"]
[BlackElo "2489"]
[PlyCount "94"]
[EventDate "2012.09.23"]
[EventType "team-tourn"]
[EventRounds "9"]
[EventCountry "CRO"]
[SourceTitle "CBM 150 Extra"]
[Source "ChessBase"]
[SourceDate "2012.10.19"]
[SourceVersion "1"]
[SourceVersionDate "2012.10.19"]
[SourceQuality "1"]
[WhiteTeam "Osijek"]
[BlackTeam "Mravince"]
[WhiteTeamCountry "CRO"]
[BlackTeamCountry "CRO"]

1. Nf3 f5 2. d3 Nf6 3. e4 d6 4. exf5 Bxf5 5. d4 c6 6. Bd3 Bxd3 7. Qxd3 Na6 8. 0-0 Qd7 9. Ng5 c5 10. c3 g6 11. Re1 Rc8 12. Na3 cxd4 13. Qxd4 Bg7 14. Ne6 Kf7 15. Bg5 Nc5 16. Nxg7 Kxg7 17. Bxf6+ exf6 18. Nc4 d5 19. Ne3 Ne6 20. Qxa7 d4 21. cxd4 Nxd4 22. Rad1 Rhd8 23. Kh1 f5 24. Rd2 f4 25. Red1 fxe3 26. fxe3 Qc6 27. exd4 Ra8 28. Qc5 Qxc5 29. dxc5 Rxd2 30. Rxd2 Rxa2 31. Kg1 Ra5 32. Rd7+ Kf6 33. Rxh7 Rb5 34. Rd7 Rxb2 35. Rd6+ Kf5 36. Rb6 Rc2 37. Rb5 Kf4 38. h3 Kg3 39. Rb3+ Kf4 40. Rb4+ Kf5 41. Rb5 Kf4 42. Kh2 Rc4 43. g3+ Kf3 44. Rb3+ Ke4 45. h4 Kf5 46. Rxb7 Kg4 47. Rb2 g5 1/2-1/2

[Event "CRO Cup 21st"]
[Site "Sibenik"]
[Date "2012.05.19"]
[Round "5.54"]
[White "Djuric, Milan"]
[Black "Kovacevic, Vlatko"]
[Result "0-1"]
[WhiteElo "2038"]
[BlackElo "2482"]
[PlyCount "46"]
[EventDate "2012.05.16"]
[EventType "team-swiss"]
[EventRounds "6"]
[EventCountry "CRO"]
[SourceTitle "CBM 148 Extra"]
[Source "ChessBase"]
[SourceDate "2012.06.22"]
[SourceVersion "1"]
[SourceVersionDate "2012.06.22"]
[SourceQuality "1"]
[WhiteTeam "Beli Manastir"]
[BlackTeam "Mravince"]
[WhiteTeamCountry "CRO"]
[BlackTeamCountry "CRO"]

1. c4 f5 2. Nc3 Nf6 3. d4 g6 4. g3 Bg7 5. Bg2 d6 6. e4 fxe4 7. Nxe4 Nxe4 8. Bxe4 c6 9. Ne2 0-0 10. 0-0 Nd7 11. Bd2 e5 12. Bc3 exd4 13. Bxd4 Ne5 14. Bc3 Bg4 15. Kg2 Qd7 16. f3 Bh3+ 17. Kg1 Bxf1 18. Qxf1 Nxc4 19. Nd4 d5 20. Bd3 Ne5 21. Be2 c5 22. Nc2 d4 23. Rd1 Qc6 0-1

[Event "CRO Cup 21st"]
[Site "Sibenik"]
[Date "2012.05.16"]
[Round "1.34"]
[White "Kurecic, Mladen"]
[Black "Kovacevic, Vlatko"]
[Result "0-1"]
[WhiteElo "2031"]
[BlackElo "2482"]
[PlyCount "82"]
[EventDate "2012.05.16"]
[EventType "team-swiss"]
[EventRounds "6"]
[EventCountry "CRO"]
[SourceTitle "CBM 148 Extra"]
[Source "ChessBase"]
[SourceDate "2012.06.22"]
[SourceVersion "1"]
[SourceVersionDate "2012.06.22"]
[SourceQuality "1"]
[WhiteTeam "Zabok Polet"]
[BlackTeam "Mravince"]
[WhiteTeamCountry "CRO"]
[BlackTeamCountry "CRO"]

1. d4 Nf6 2. c4 e6 3. Nc3 d5 4. Bg5 Nbd7 5. e3 Bb4 6. cxd5 exd5 7. Bd3 0-0 8. Nge2 h6 9. Bh4 c6 10. 0-0 Re8 11. Rc1 Nf8 12. a3 Bd6 13. Bg3 Bg4 14. Qc2 Bxe2 15. Nxe2 a5 16. Qb3 Re7 17. Bxd6 Qxd6 18. Ng3 g6 19. Qb6 Ne6 20. Rfd1 h5 21. h3 Kg7 22. Qb3 Qc7 23. Qc2 Ng5 24. Rf1 Rae8 25. Ne2 h4 26. Nc3 Qd7 27. Kh2 Nh5 28. f4 Nxh3 29. Rf3 Rxe3 30. Rxh3 Rxh3+ 31. gxh3 Nxf4 32. Bf1 Qd6 33. Kg1 Qf6 34. Qf2 Qg5+ 35. Kh2 Nxh3 36. Bxh3 Qxc1 37. Bg4 Qe3 38. Nd1 Qg5 39. Qf3 f5 40. Bh3 Re1 41. Bg2 Qg3+ 0-1

[Event "Wch Seniors 21st"]
[Site "Rijeka"]
[Date "2011.11.23"]
[Round "8"]
[White "Kovacevic, Vlatko"]
[Black "Chernikov, Oleg L"]
[Result "1/2-1/2"]
[WhiteElo "2482"]
[BlackElo "2402"]
[PlyCount "64"]
[EventDate "2011.11.15"]
[EventType "swiss"]
[EventRounds "11"]
[EventCountry "CRO"]
[SourceTitle "CBM 145 Extra"]
[Source "ChessBase"]
[SourceDate "2012.01.03"]
[SourceVersion "1"]
[SourceVersionDate "2012.01.03"]
[SourceQuality "1"]

1. d4 d5 2. Nf3 c6 3. c4 Nf6 4. Nc3 dxc4 5. a4 Bf5 6. e3 Nbd7 7. Bxc4 e6 8. 0-0 Bd6 9. Qe2 Bg4 10. h3 Bxf3 11. Qxf3 0-0 12. Rd1 e5 13. Bb3 Qe7 14. Ne4 Nxe4 15. Qxe4 a5 16. g4 exd4 17. Qxe7 Bxe7 18. exd4 Nb6 19. Bf4 Nd5 20. Bxd5 cxd5 21. Rac1 Rfc8 22. Bc7 Kf8 23. Bxa5 Rxc1 24. Rxc1 Rxa5 25. Rc8+ Bd8 26. Rxd8+ Ke7 27. Rb8 Rxa4 28. Rxb7+ Ke6 29. b4 Ra1+ 30. Kg2 Rd1 31. Rb6+ Ke7 32. Rb7+ Ke6 1/2-1/2

[Event "Wch Seniors 21st"]
[Site "Rijeka"]
[Date "2011.11.19"]
[Round "5"]
[White "Zhelnin, Vladimir V"]
[Black "Kovacevic, Vlatko"]
[Result "1/2-1/2"]
[WhiteElo "2430"]
[BlackElo "2482"]
[PlyCount "99"]
[EventDate "2011.11.15"]
[EventType "swiss"]
[EventRounds "11"]
[EventCountry "CRO"]
[SourceTitle "CBM 145 Extra"]
[Source "ChessBase"]
[SourceDate "2012.01.03"]
[SourceVersion "1"]
[SourceVersionDate "2012.01.03"]
[SourceQuality "1"]

1. e4 e6 2. d4 d5 3. Nc3 Nf6 4. Bg5 Be7 5. e5 Nfd7 6. Bxe7 Qxe7 7. f4 0-0 8. Nf3 c5 9. dxc5 Nc6 10. Bd3 f6 11. exf6 Qxf6 12. g3 Nxc5 13. Qd2 Bd7 14. 0-0-0 Rac8 15. Kb1 Be8 16. Rde1 Nxd3 17. cxd3 Bg6 18. Ne5 Qf5 19. Nxg6 Qxg6 20. Rd1 a6 21. Rhe1 Rfd8 22. Ne2 Qf5 23. Qe3 e5 24. fxe5 d4 25. Qf4 Qe6 26. Qd2 Qxe5 27. Nf4 Qf5 28. Qe2 Rd6 29. h4 h6 30. Rc1 Rf8 31. h5 Qf7 32. a3 Rf6 33. Qe4 Qd7 34. Ng6 Rd8 35. Rc2 Qh3 36. g4 Qf3 37. Rce2 Qxe4 38. Rxe4 Kf7 39. R1e2 Rf3 40. Kc2 Rc8 41. Kd2 Kf6 42. Ne7 Nxe7 43. Rxe7 Rg3 44. R7e6+ Kf7 45. R6e4 Rd8 46. Rf2+ Kg8 47. b4 b5 48. Ke2 Rg1 49. Rff4 Rg2+ 50. Rf2 1/2-1/2

[Event "Wch Seniors 21st"]
[Site "Rijeka"]
[Date "2011.11.16"]
[Round "2"]
[White "Kovacevic, Vlatko"]
[Black "Singer, Hans"]
[Result "1/2-1/2"]
[WhiteElo "2482"]
[BlackElo "2254"]
[PlyCount "56"]
[EventDate "2011.11.15"]
[EventType "swiss"]
[EventRounds "11"]
[EventCountry "CRO"]
[SourceTitle "CBM 145 Extra"]
[Source "ChessBase"]
[SourceDate "2012.01.03"]
[SourceVersion "1"]
[SourceVersionDate "2012.01.03"]
[SourceQuality "1"]

1. d4 d5 2. Nf3 c6 3. e3 Bf5 4. c4 e6 5. Nc3 Nd7 6. Be2 h6 7. 0-0 Ngf6 8. b3 Be7 9. Bb2 0-0 10. Bd3 Ne4 11. Bxe4 Bxe4 12. Nxe4 dxe4 13. Nd2 f5 14. f3 exf3 15. gxf3 c5 16. Qe2 Bf6 17. f4 Qc7 18. Nf3 Rad8 19. Rad1 Rfe8 20. Rd3 cxd4 21. Bxd4 Bxd4 22. Rxd4 e5 23. Rd5 exf4 24. Rfd1 Nf6 25. Rxd8 Rxd8 26. Rxd8+ Qxd8 27. exf4 Ne4 28. Kg2 Qd6 1/2-1/2

[Event "Wch Seniors 21st"]
[Site "Rijeka"]
[Date "2011.11.15"]
[Round "1"]
[White "Khazankin, Moisey"]
[Black "Kovacevic, Vlatko"]
[Result "0-1"]
[WhiteElo "2118"]
[BlackElo "2482"]
[PlyCount "56"]
[EventDate "2011.11.15"]
[EventType "swiss"]
[EventRounds "11"]
[EventCountry "CRO"]
[SourceTitle "CBM 145 Extra"]
[Source "ChessBase"]
[SourceDate "2012.01.03"]
[SourceVersion "1"]
[SourceVersionDate "2012.01.03"]
[SourceQuality "1"]

1. e4 Nf6 2. Nc3 d5 3. e5 Nfd7 4. d4 e6 5. Nf3 c5 6. Bb5 Nc6 7. Be3 cxd4 8. Bxd4 a6 9. Ba4 Be7 10. 0-0 0-0 11. Re1 Qc7 12. Bb3 b5 13. Qd2 Nxd4 14. Qxd4 Bb7 15. a4 b4 16. Na2 a5 17. c3 Nc5 18. Qd1 Qb6 19. Nd4 Nxb3 20. Nxb3 bxc3 21. Nxc3 Ba6 22. Re3 d4 23. Qxd4 Qxb3 24. Qg4 Rfc8 25. Rg3 g6 26. Rb1 Qc2 27. Rd1 Rab8 28. Ne4 Be2 0-1

[Event "CRO-chT1A 20th"]
[Site "Sibenik"]
[Date "2011.10.09"]
[Round "6.5"]
[White "Fercec, Nenad"]
[Black "Kovacevic, Vlatko"]
[Result "1/2-1/2"]
[WhiteElo "2456"]
[BlackElo "2471"]
[PlyCount "56"]
[EventDate "2011.10.04"]
[EventType "team-tourn"]
[EventRounds "9"]
[EventCountry "CRO"]
[SourceTitle "CBM 144 Extra"]
[Source "ChessBase"]
[SourceDate "2011.10.28"]
[SourceVersion "1"]
[SourceVersionDate "2011.10.28"]
[SourceQuality "1"]
[WhiteTeam "Rijeka"]
[BlackTeam "Mravince"]
[WhiteTeamCountry "CRO"]
[BlackTeamCountry "CRO"]

1. e4 e5 2. Nf3 Nc6 3. d4 exd4 4. Nxd4 Bb4+ 5. c3 Bc5 6. Be3 Bb6 7. Nf5 Bxe3 8. Nxe3 Nf6 9. f3 0-0 10. c4 d6 11. Nc3 a5 12. Qd2 Nd7 13. 0-0-0 Nc5 14. g4 Be6 15. h4 Qb8 16. Nf5 b5 17. Qg5 Bxf5 18. gxf5 f6 19. Qg3 b4 20. Nd5 Rf7 21. Be2 a4 22. f4 a3 23. b3 Qf8 24. Bh5 Rd7 25. Rhe1 Kh8 26. Re3 Rb8 27. Qe1 Na6 28. Rg3 Ne7 1/2-1/2

[Event "CRO-chT1A 20th"]
[Site "Sibenik"]
[Date "2011.10.07"]
[Round "4.4"]
[White "Stojkovic, Andreja"]
[Black "Kovacevic, Vlatko"]
[Result "0-1"]
[WhiteElo "1992"]
[BlackElo "2471"]
[PlyCount "82"]
[EventDate "2011.10.04"]
[EventType "team-tourn"]
[EventRounds "9"]
[EventCountry "CRO"]
[SourceTitle "CBM 144 Extra"]
[Source "ChessBase"]
[SourceDate "2011.10.28"]
[SourceVersion "1"]
[SourceVersionDate "2011.10.28"]
[SourceQuality "1"]
[WhiteTeam "Rijeka Junior"]
[BlackTeam "Mravince"]
[WhiteTeamCountry "CRO"]
[BlackTeamCountry "CRO"]

1. e4 Nf6 2. e5 Nd5 3. d4 d6 4. Nf3 g6 5. c4 Nb6 6. Nc3 Bg7 7. Be2 0-0 8. exd6 cxd6 9. 0-0 Nc6 10. h3 Bf5 11. Be3 d5 12. cxd5 Nxd5 13. Qd2 Nxe3 14. Qxe3 Bxd4 15. Nxd4 Qxd4 16. Qg3 Rfd8 17. Rfd1 Qe5 18. Qh4 Rd4 19. Rxd4 Nxd4 20. Bc4 Rd8 21. Qg5 Kg7 22. Rc1 b5 23. Bf1 b4 24. Nd1 h6 25. Qh4 g5 26. Qg3 Qxg3 27. fxg3 Rc8 28. Rc4 Rxc4 29. Bxc4 Be6 30. Bxe6 Nxe6 31. Ne3 Nc5 32. Nd5 Nd3 33. Nxe7 Nxb2 34. Nc6 Nd3 35. Kf1 a6 36. g4 Kf6 37. g3 Ke6 38. Nd4+ Kd5 39. Nb3 Nc5 40. Nd2 Ne4 41. Ke2 Nxd2 0-1